Precis de dermatologie / (Record no. 57857)

MARC details
000 -LEADER
campo de control de longitud fija 00589nam a2200217 i 4500
001 - NÚMERO DE CONTROL
campo de control 57857
003 - IDENTIFICADOR DE NÚMERO DE CONTROL
campo de control ES-MaACL
005 - FECHA Y HORA DE LA ÚLTIMA TRANSACCIÓN
campo de control 20230906163651.0
007 - CAMPO FIJO DE DESCRIPCIÓN FÍSICA--INFORMACIÓN GENERAL
campo de control de longitud fija t|
008 - DATOS DE LONGITUD FIJA--INFORMACIÓN GENERAL
campo de control de longitud fija 031020s1904 fr ||||1| fre d
100 1# - ENTRADA PRINCIPAL--NOMBRE DE PERSONA
Nombre de persona Dubreuilh, W.
9 (RLIN) 45790
245 10 - MENCIÓN DEL TÍTULO
Título Precis de dermatologie /
Mención de responsabilidad, etc. W. Dubreuilh.
250 ## - MENCION DE EDICION
Mención de edición 2eme ed.
260 ## - PUBLICACIÓN, DISTRIBUCIÓN, ETC.
Lugar de publicación, distribución, etc. [S.l. :
Nombre del editor, distribuidor, etc. s.n.,
Fecha de publicación, distribución, etc. 1904] (
Lugar de fabricación/manufactura Evreux :
Fabricante Ch. Herissey)
300 ## - DESCRIPCIÓN FÍSICA
Extensión VI, 525 p. ;
Dimensiones 18 cm.
490 1# - MENCIÓN DE SERIE
Mención de serie Collection Testut
650 04 - PUNTO DE ACCESO ADICIONAL DE MATERIA--TÉRMINO DE MATERIA
Término de materia o nombre geográfico como elemento de entrada Dermatología.
9 (RLIN) 11784
830 0# - PUNTO DE ACCESO ADICIONAL DE SERIE-TÍTULO UNIFORME
Título uniforme Collection Testut
9 (RLIN) 181022
852 ## - LOCALIZACIÓN
Ubicación ES-MaACL
Número de control de estantería F-2572
Holdings
Estatus retirado Estado de pérdida Estado de daño No para préstamo Biblioteca de origen Biblioteca actual Ubicación en estantería Fecha de adquisición Fuente de adquisición Total de préstamos Signatura topográfica completa Código de barras Visto por última vez Precio de reemplazo Tipo de ítem Koha
        Biblioteca del Ateneo de Madrid Biblioteca del Ateneo de Madrid Depósito 2 17/01/2008     F-2572 1060727 23/02/2023 23/02/2023 Libro impreso